Marques et pays - Statistiques

Statistiques générales
  • Ce quiz a été pris 332 fois
  • Le résultat moyen est 9 sur 18
Statistiques - réponses
Marque Pays % Correct
L'Oréal France
99%
Ikea Suède
96%
Huawei Chine
81%
Zara Espagne
69%
Nestlé Suisse
66%
Ferrero Italie
62%
Gazprom Russie
59%
Hugo Boss Allemagne
47%
Tata Inde
42%
Côte d'Or Belgique
39%
Red Bull Autriche
35%
Quiksilver Australie
33%
Kiss Cool Etats-Unis
28%
Philips Pays-Bas
28%
Dunlop Royaume-Uni
27%
Antonov Ukraine
26%
Velux Danemark
14%
Bridgestone Japon
14%
Aucun quiz correspondant
Distribution des résultats
% des personnes avec chaque résultat
Percentile par nombre de réponses
Votre historique - résultats
Vous n’avez pas pris ce quiz